Manchester United - kadra w sezonie 2016/17 - Statystyki

Ogólne statystyki
  • Ten quiz został rozwiązany 18 razy
  • Średni wynik to 20 z 32
Statystyki odpowiedzi
Hint Odpowiedź % Poprawnych
1 Bramkarz Hiszpania David de Gea
100%
26 Obrońca Ekwador Antonio Valencia
88%
3 Obrońca WKS Eric Bailly
88%
5 Obrońca Argentyna Marcos Rojo
88%
6 Pomocnik Francja Paul Pogba
88%
9 Napastnik Szwecja Zlatan Ibrahimović
88%
11 Napastnik Francja Anthony Martial
81%
17 Obrońca Holandia Daley Blind
81%
8 Pomocnik Hiszpania Juan Mata
81%
7 Napastnik Holandia Memphis Depay
81%
10 Napastnik Anglia Wayne Rooney
81%
12 Obrońca Anglia Chris Smalling
75%
19 Napastnik Anglia Marcus Rashford
75%
20 Bramkarz Argentyna Sergio Romero
75%
31 Pomocnik Niemcy Bastian Schweinsteiger
69%
23 Obrońca Anglia Luke Shaw
69%
27 Pomocnik Belgia Marouane Fellaini
69%
16 Pomocnik Anglia Michael Carrick
69%
21 Pomocnik Hiszpania Ander Herrera
63%
22 Pomocnik Armenia Henrikh Mkhitaryan
63%
36 Obrońca Włochy Matteo Darmian
63%
4 Obrońca Anglia Phil Jones
63%
39 Pomocnik Szkocja Scott McTominay
63%
28 Pomocnik Francja Morgan Schneiderlin
50%
38 Obrońca Anglia Axel Tuanzebe
44%
14 Pomocnik Anglia Jesse Lingard
44%
40 Bramkarz Portugalia Joel Pereira
44%
18 Obrońca Anglia Ashley Young
38%
24 Obrońca Holandia Timothy Fosu-Mensah
31%
47 Pomocnik Anglia Angel Gomes
13%
46 Napastnik Anglia Josh Harrop
13%
35 Obrońca Anglia Demetri Mitchell
0%
Nie znaleziono quizów pasujących do podanych kryteriów
Rozkład punktacji
Procent ludzi z każdym wynikiem
Percentyl według liczby udzielonych odpowiedzi
Twoja historia wyników
Nie rozwiązałeś tego quizu